Flags to Languages-Extreme Mode - Statistics

General Stats
  • This quiz has been taken 106 times
  • The average score is 79 of 168
Answer Stats
Picture Answer % Correct
Korean
90%
Danish
86%
Persian
86%
Turkish
86%
Italian
85%
English
84%
Hungarian
82%
Samoan
82%
Bulgarian
81%
Latin
81%
Lithuanian
81%
Tagalog
81%
Albanian
80%
Armenian
80%
German
80%
Serbian
80%
Georgian
78%
Malay
78%
Welsh
78%
Belarussian
77%
Kyrgyz
77%
Portuguese
77%
Slovene
77%
Uzbek
77%
Latvian
75%
Luxembourgish
75%
Mongolian
75%
Croatian
73%
Estonia
73%
Greek
73%
Japanese
73%
Kazakh
73%
Finnish
72%
Icelandic
72%
Tajik
72%
Czech
71%
Indonesia
71%
Russian
71%
Slovak
71%
Vietnamese
71%
Montenegrin
70%
Swahili
70%
Swedish
70%
Spanish
68%
Dari/ Farsi/ Pashto
67%
Khmer
67%
Arabic
66%
Bosnian
66%
Mandarin
66%
Nepali
66%
Burmese
65%
Cantonese
65%
Fijian
65%
French
65%
Polish
65%
Romanian
65%
Urdu/ Punjabi
65%
Dutch
63%
Hebrew
63%
Irish
63%
Lao
62%
Azerbaijani/ Azeri
61%
Maltese
61%
Somali
61%
Thai
61%
Ukrainian
61%
Bengali
59%
Dzongkha
59%
Faroese
59%
Haitian Creole
59%
Moldovan
59%
Swazi
59%
Kiribati/ Gilbertese
58%
Maori
58%
Turkmen
58%
Catalan
56%
Maldivian/ Dhivehi
56%
Tongan
56%
Greenlandic
54%
Kirundi
54%
Scots
54%
Sinhala
54%
Igbo
52%
Tibetan
51%
Sotho
49%
Tswana
49%
Abkhaz
48%
Bavarian
48%
Kinyarwanda
48%
Malagasy
48%
Palauan
48%
Basque
46%
Marshallese
44%
Sicilian
44%
Nauruan
43%
Tuvaluan
43%
Ossetian
42%
Seychellois Creole
42%
Tigrinya
42%
Breton
41%
Guarani
41%
Kurdish
41%
Cornish
39%
Corsican
39%
Uyghur
38%
Frisian
37%
Mauritian Creole
35%
Navajo
35%
Tok Pisin/ Hiri Motu
34%
Galician
33%
Sardinian
33%
Assyrian
32%
Aragonese
30%
Chechen
30%
Niuean
30%
Cherokee
29%
Flemish
29%
Venetian
29%
Bislama
28%
Tokelauan
27%
Yiddish
27%
Patois
25%
Asturian
24%
Kalmyk
24%
Tetum
24%
Tuvan
24%
Crimean Tatar
23%
Ingush
23%
Sango
23%
Tatar
23%
Yakut
23%
Adyghe
22%
Buryat
20%
Wolof
20%
Papiamento
19%
Wallonian
19%
Chuvash
18%
Comoran
18%
Bashkir
16%
Chewa
16%
Chuukese
16%
Norfuk
16%
Alsatian
15%
Yapese
15%
Altai
14%
Cook Islands Maori
14%
Erzya
14%
Friulian
14%
Khakas
14%
Pijin/ Pidgin
14%
Kabardian
13%
Kosraean
13%
Oromo
13%
Pohnpeian
13%
Afar
11%
Cocos Malay
11%
Hill Mari
10%
Leonese
10%
Rusyn
10%
Sundanese
9%
Amharic
5%
Komi-Zyrian
5%
Tahitian
5%
North Frisian
3%
Abaza
1%
Limburgish
1%
Upper Sorbian
1%
Zulu
1%
No matching quizzes found
Score Distribution
Percent of People with Each Score
Percentile by Number Answered
Your Score History
You have not taken this quiz